000 00568nam a22001931cc4500
001 a987687955+Band2
035 _aa987687955
008 170721s2000 gw |||| 000u rus d
020 _a5824301379
_95-8243-0137-9
041 _arus
245 0 0 _aPartija "Sojuz 17 oktjabrja"
_nBand 2
_p1907-1915 gg.
264 _aMoskva :
_bROSSPEN,
_c2000
300 _a512 S.
246 1 2 _aPartija "Sojuz 17 oktjabrja" : Protokoly s'ezdov i zasedanij CK ;. 1907-1915 gg.
_nBand 2
773 0 8 _wa987687955
_qBand2
942 _cMG
040 _cRU-10907106
003 RU-10907106
999 _c27484
_d27484